Multiple Choice Tier-Quiz: Koala - Statistiken

Allgemein
  • Dieses Quiz wurde 32 mal gespielt
    24 seit der letzten Aktualisierung
  • Das Durchschnittsergebnis liegt bei 6 aus 10
Antwortstatistiken
Frage Antwort % Korrekt
Wo leben Koalas? Australien
94%
Koalas gehören zu den... Beuteltieren
88%
Von den Blättern welcher Pflanze ernähren sich Koalas fast ausschließlich? Eukalyptus
88%
Was ist das Besondere bei Koalas? Sie trinken so gut wie nie
69%
Wie lange schlafen Koalas am Tag? Bis zu 20 Stunden
63%
Welche dieser australischen Animationsserien handelt von den Abenteuern eines Koalas mit roter Latzhose? Blinky Bill
56%
Was trifft bei Koalas zu? Sie sind Einzelgänger
50%
Koalas sind... nachtaktiv
38%
Was haben Koalas und Kängurus gemeinsam? Sie tragen ihren Nachwuchs in Beuteln am Bauch
38%
Wie schwer ist ein Koala-Baby bei der Geburt? Weniger als 1 Gramm
19%
Keine übereinstimmenden Quizze gefunden
Verteilung der Resultate
Anzahl Personen mit jedem Resultat
Perzentil nach korrekt beantworteten Fragen
Ihre Resultats-Entwicklung
Sie haben dieses Quiz seit der letzten Aktualisierung nicht gespielt